[Event "Titled Tuesday intern op 05th Dec Early"]
[Site "Chess.com INT"]
[Date "2023.12.05"]
[Round "6"]
[White "Vivaan, Vishal Shah"]
[Black "Mushini, Ajay"]
[Result "1/2-1/2"]
[WhiteElo "1774"]
[BlackElo "2384"]
[PlyCount "142"]
[EventDate "2023.12.05"]
[EventType "swiss (blitz)"]
[EventRounds "11"]
[EventCountry "USA"]
[SourceTitle "EXT 2025"]
[Source "ChessBase"]
[SourceDate "2024.10.14"]
[SourceVersion "1"]
[SourceVersionDate "2024.10.14"]
[SourceQuality "1"]

1. e4 c5 2. Nf3 Nc6 3. d4 cxd4 4. c3 dxc3 5. Nxc3 d6 6. Bc4 Nf6 7. e5 dxe5 8. Qxd8+ Nxd8 9. Nb5 Rb8 10. Nxe5 e6 11. Be3 Bb4+ 12. Ke2 a6 13. a3 Be7 14. Nc7+ Kf8 15. Ba7 b5 16. Bxb8 bxc4 17. Nxc4 Bb7 18. f3 Nc6 19. Rac1 Nxb8 20. Na5 Bc8 21. Nd5 Bd7 22. Nxe7 Kxe7 23. Rhd1 Bb5+ 24. Kf2 Nd5 25. b3 Bd7 26. Nb7 Nc6 27. Nc5 Bc8 28. Nxa6 Ne5 29. Nc7 Nf4 30. Rc3 Bd7 31. Re3 Nfg6 32. h3 Rc8 33. Rc3 Rb8 34. b4 Nf4 35. Na6 Ra8 36. Nc5 Nd5 37. Rb3 Ba4 38. Nxa4 Rxa4 39. b5 Nc4 40. Rd4 Rxa3 41. Rb1 Ncb6 42. Rc1 Ra2+ 43. Kg1 f5 44. Kh1 Kf6 45. Rc6 g5 46. Rd2 Rxd2 47. Rd6 Rd1+ 48. Kh2 f4 49. h4 Ke5 50. hxg5 Kxd6 51. g6 hxg6 52. Kh3 Rh1+ 53. Kg4 Ne3+ 54. Kg5 Nbd5 55. Kxg6 Nxg2 56. Kg7 Ne1 57. Kf8 Nxf3 58. b6 Ne5 59. b7 Rh8+ 60. Kg7 Rg8+ 61. Kh6 Nf6 62. b8Q+ Rxb8 63. Kg7 Ne4 64. Kh6 Nf3 65. Kh5 Nh2 66. Kh4 f3 67. Kh3 f2 68. Kxh2 Nd2 69. Kg3 f1Q 70. Kg4 Qf5+ 71. Kh4 Rg8 1/2-1/2

[Event "Titled Tuesday intern op 21st Nov Early"]
[Site "Chess.com INT"]
[Date "2023.11.21"]
[Round "8"]
[White "Dyulgerov, Volen"]
[Black "Mushini, Ajay"]
[Result "1-0"]
[WhiteElo "2200"]
[BlackElo "2301"]
[PlyCount "41"]
[EventDate "2023.11.21"]
[EventType "swiss (blitz)"]
[EventRounds "11"]
[EventCountry "USA"]
[SourceTitle "EXT 2025"]
[Source "ChessBase"]
[SourceDate "2024.10.14"]
[SourceVersion "1"]
[SourceVersionDate "2024.10.14"]
[SourceQuality "1"]

1. e4 c5 2. Nf3 d6 3. d4 cxd4 4. Nxd4 Nf6 5. Nc3 g6 6. Be2 Bg7 7. 0-0 0-0 8. f4 Nc6 9. Kh1 Nxd4 10. Qxd4 Be6 11. f5 Bd7 12. Bc4 a6 13. Bb3 Rc8 14. Bg5 Qc7 15. fxg6 hxg6 16. Bxf6 exf6 17. Nd5 Qd8 18. Nxf6+ Kh8 19. e5 g5 20. Rf4 Bh6 21. Qe4 1-0